01336nam a22003254a 4500001001200000003000800012006001900020007001500039008004100054010001700095020002300112040002100135035002100156050002900177082002100206245013600227260008100363300001600444504005100460533015200511650004500663650005000708655002900758700002300787700001800810700002000828710001700848856012600865999001900991ebr10044865CaPaEBRm u cr cn|||||||||020125s2002 enk sbs 001 0 eng  z 2002020062 z0333794842 (cloth) aCaPaEBRcCaPaEBR a(OCoLC)55977219814aHD7366.5.A3bH685 2002eb04a363.5/61/09522100aHousing policy systems in South and East Asiah[electronic resource] /cedited by Mohammed Razali Agus, John Doling, Dong-Sung Lee. aHoundmills, Basingstoke, Hampshire ;aNew York :bPalgrave Macmillan,c2002. axvi, 191 p. aIncludes bibliographical references and index. aElectronic reproduction.bPalo Alto, Calif. :cebrary,d2013.nAvailable via World Wide Web.nAccess may be limited to ebrary affiliated libraries. 0aHousing policyzEast AsiavCase studies. 0aHousing policyzSoutheast AsiavCase studies. 7aElectronic books.2local0 aMohd. Razali Agus.1 aDoling, J. F.1 aLee, Dong-Sung.2 aebrary, Inc.40uhttp://site.ebrary.com/lib/rucke/Doc?id=10044865zAn electronic book accessible through the World Wide Web; click to view c179316d179316